[Event "World Blitz 2015"]
[Site "Berlin GER"]
[Date "2015.10.13"]
[Round "5.83"]
[White "Valdes Romero, Leonardo"]
[Black "Rasmussen, Allan Stig"]
[Result "0-1"]
[WhiteTitle "IM"]
[BlackTitle "GM"]
[WhiteElo "2362"]
[BlackElo "2498"]
[WhiteFideId "6500331"]
[BlackFideId "1406000"]
[EventDate "2015.10.13"]

1. Nf3 d5 2. g3 Nf6 3. Bg2 c6 4. O-O Bf5 5. d3 h6 6. Nbd2 e6 7. Qe1 Be7 8. e4
Bh7 9. Ne5 O-O 10. Qe2 Nbd7 11. Nxd7 Nxd7 12. f4 Nc5 13. Kh1 a5 14. a3 b5 15. g4
Ra7 16. e5 f5 17. gxf5 exf5 18. Nf3 Ne6 19. Be3 c5 20. d4 c4 21. c3 Kh8 22. Rg1
Rg8 23. Bh3 Qe8 24. Nd2 Rd7 25. Raf1 Bd8 26. Rg2 b4 27. axb4 axb4 28. Rfg1 g5
29. Rg3 g4 30. Bg2 h5 31. Bf1 h4 32. R3g2 bxc3 33. bxc3 h3 34. Rg3 Bh4 35. Qf2
Qa8 36. Be2 Rb7 37. Qf1 Rb2 38. Qc1 Rgb8 39. Rd1 Bxg3 40. hxg3 Nc5 41. Kh2 Nd3
42. Bxd3 cxd3 43. Qa1 Ra2 44. Qc1 Rbb2 45. Kh1 Rc2 46. Qb1 Rab2 47. Qa1 Qxa1 48.
Rxa1 Rxd2 49. Bxd2 Rxd2 50. Ra8+ Bg8 51. Ra1 Re2 0-1

[Event "World Blitz 2015"]
[Site "Berlin GER"]
[Date "2015.10.13"]
[Round "5.84"]
[White "Teske, Henrik"]
[Black "Nielsen, Peter Heine"]
[Result "1-0"]
[WhiteTitle "GM"]
[BlackTitle "GM"]
[WhiteElo "2475"]
[BlackElo "2654"]
[WhiteFideId "4611500"]
[BlackFideId "1400355"]
[EventDate "2015.10.13"]

1. d4 e6 2. Nf3 f5 3. Bf4 b5 4. d5 exd5 5. Qxd5 Nc6 6. Qxf5 Nf6 7. Nc3 Bb4 8.
Qxb5 O-O 9. e3 Kh8 10. Bd3 Rb8 11. Qg5 Ba5 12. O-O Rxb2 13. Ne4 Nxe4 14. Bxe4
Qxg5 15. Nxg5 h6 16. Nf3 Nb4 17. Be5 Rxa2 18. c3 Rxa1 19. Rxa1 d5 20. Rxa5 dxe4
21. Nh4 Nc6 22. Rc5 Nxe5 23. Rxe5 Rd8 24. h3 g5 25. Ng6+ Kg7 26. Ne7 Kf6 27.
Rxe4 Bb7 28. Rc4 Rd7 29. Nc6 Bxc6 30. Rxc6+ Kg7 31. Ra6 c5 32. Rc6 a5 33. Rxc5
Ra7 34. Rb5 a4 35. Rb1 Kf6 36. Kf1 Ke5 37. Ke2 Kd5 38. Kd3 a3 39. Kc2 a2 40. Ra1
Kc4 41. Kb2 Rb7+ 42. Kc2 Ra7 43. f3 Ra6 44. e4 Ra5 45. Kb2 Rb5+ 46. Kxa2 Kxc3
47. Rc1+ Kd3 48. Rc6 h5 49. Rd6+ Ke3 50. Rd5 1-0

[Event "World Blitz 2015"]
[Site "Berlin GER"]
[Date "2015.10.13"]
[Round "5.85"]
[White "Bindrich, Falko"]
[Black "Choukri, Adel"]
[Result "1-0"]
[WhiteTitle "GM"]
[BlackTitle "CM"]
[WhiteElo "2594"]
[BlackElo "2199"]
[WhiteFideId "4676670"]
[BlackFideId "9000399"]
[EventDate "2015.10.13"]

1. d4 Nf6 2. c4 g6 3. g3 d5 4. cxd5 Nxd5 5. Bg2 Bg7 6. e4 Nb6 7. Ne2 O-O 8. Nbc3
Nc6 9. d5 Na5 10. O-O c6 11. b3 cxd5 12. exd5 Bf5 13. Bd2 Rc8 14. Rc1 Nd7 15.
Nf4 Ne5 16. Ne4 b6 17. Bb4 Nb7 18. Rxc8 Bxc8 19. h3 Nd6 20. Nxd6 exd6 21. Qc1
Ba6 22. Rd1 Re8 23. Qa3 Bb7 24. Qxa7 Qc7 25. Bxd6 Qxd6 26. Qxb7 Qa3 27. d6 Rd8 1-0

[Event "World Blitz 2015"]
[Site "Berlin GER"]
[Date "2015.10.13"]
[Round "5.86"]
[White "Thiede, Lars"]
[Black "Milanovic, Danilo"]
[Result "0-1"]
[WhiteTitle "IM"]
[BlackTitle "GM"]
[WhiteElo "2437"]
[BlackElo "2469"]
[WhiteFideId "4607759"]
[BlackFideId "915483"]
[EventDate "2015.10.13"]

1. g3 Nf6 2. c4 d6 3. Bg2 g6 4. Nf3 Bg7 5. O-O O-O 6. Nc3 Nc6 7. Rb1 a5 8. a3
Bf5 9. d3 Qc8 10. b4 axb4 11. axb4 Bh3 12. b5 Bxg2 13. Kxg2 Nd8 14. Bb2 e5 15.
Ra1 Ne6 16. Rxa8 Qxa8 17. Qc2 Qc8 18. Ra1 Nh5 19. Nd5 Re8 20. e3 c6 21. bxc6
bxc6 22. Nb4 Qb7 23. Bc3 d5 24. Rb1 d4 25. exd4 exd4 26. Bd2 Rb8 27. Ra1 Bf8 28.
Ra4 Nc5 29. Ra2 Ne6 30. Ra4 Nf6 31. Na2 c5 32. Nc1 Ng4 33. Ne2 Nxh2 34. Ng1 Nxf3
35. Nxf3 g5 36. g4 h5 37. Bc1 hxg4 38. Qe2 gxf3+ 39. Qxf3 Qxf3+ 40. Kxf3 Rb1 41.
Bd2 Rb3 42. Ke4 Kg7 43. Ra6 Kg6 44. Bc1 Rb1 45. Bd2 Rd1 46. Ba5 Rf1 47. Kf3 Kg7
48. Bb6 Nf4 49. Bc7 Nxd3 50. Ke2 Rxf2+ 51. Kxd3 Rf3+ 52. Ke4 Re3+ 53. Kf5 Be7
54. Be5+ f6 55. Bb8 d3 56. Ra7 d2 57. Rd7 Re2 58. Ba7 Kf8 59. Bb6 Ke8 60. Rd5
Re5+ 61. Rxe5 fxe5 0-1

[Event "World Blitz 2015"]
[Site "Berlin GER"]
[Date "2015.10.13"]
[Round "5.87"]
[White "Pham, Le Thao Nguyen"]
[Black "Maze, Sebastien"]
[Result "1-0"]
[WhiteTitle "IM"]
[BlackTitle "GM"]
[WhiteElo "2319"]
[BlackElo "2582"]
[WhiteFideId "12401226"]
[BlackFideId "613762"]
[EventDate "2015.10.13"]

1. d4 Nf6 2. Bf4 g6 3. e3 Bg7 4. Nf3 d6 5. h3 O-O 6. Be2 Nc6 7. O-O Nd7 8. c4 e5
9. Bh2 b6 10. Nc3 Bb7 11. Re1 h6 12. Rc1 Kh7 13. a3 f5 14. b4 a5 15. Nd5 Ne7 16.
Nxe7 Qxe7 17. c5 dxc5 18. bxc5 e4 19. c6 Bxc6 20. Rxc6 exf3 21. Bxf3 Qxa3 22.
Rxc7 Rad8 23. Bc6 Nb8 24. Bb5 Kh8 25. Qe2 Qb3 26. Rec1 Rf7 27. Rc8 Rff8 28. R8c3
Qe6 29. Bg3 g5 30. Bc7 Rc8 31. Qc2 Nd7 32. Ba6 Rce8 33. Bc4 Qg6 34. Bb5 Re7 35.
Rc6 Nf6 36. d5 Rxc7 37. Rxc7 Nxd5 38. Rc8 Nb4 39. Rxf8+ Bxf8 40. Qc8 Qf6 41. Rc7
Nd5 42. Rc6 Qa1+ 43. Kh2 Qe5+ 44. g3 Kg7 45. Bc4 Nf6 46. Re6 Qc5 47. Qb7+ Kg6
48. Rc6 Qe7 49. Rc7 Qe4 50. Bf7+ Kg7 51. Bd5+ Kg6 52. Bxe4 fxe4 53. Rc6 Bb4 54.
Qxb6 Be7 55. Re6 Kf7 56. Rxe7+ 1-0

[Event "World Blitz 2015"]
[Site "Berlin GER"]
[Date "2015.10.13"]
[Round "5.88"]
[White "Carlstedt, Jonathan"]
[Black "Godena, Michele"]
[Result "1/2-1/2"]
[WhiteTitle "IM"]
[BlackTitle "GM"]
[WhiteElo "2442"]
[BlackElo "2513"]
[WhiteFideId "24614386"]
[BlackFideId "800090"]
[EventDate "2015.10.13"]

1. c4 e5 2. g3 Nf6 3. Bg2 c6 4. d4 exd4 5. Qxd4 Na6 6. Nf3 Bc5 7. Qe5+ Be7 8.
O-O O-O 9. Nc3 d6 10. Qd4 Bf5 11. Bf4 Qb6 12. Rad1 Rfd8 13. b3 Nc5 14. h3 h6 15.
g4 Bc2 16. Rc1 Bh7 17. Be3 Qb4 18. Qd2 a5 19. Nd4 Nfe4 20. Nxe4 Nxe4 21. Qb2 Bf6
22. f3 Ng3 23. Rfd1 Re8 24. Kf2 c5 25. Bd2 Bxd4+ 26. Qxd4 cxd4 27. Bxb4 Nxe2 28.
Bxd6 Nxc1 29. Rxc1 d3 30. Rd1 Rad8 31. c5 b6 32. f4 bxc5 33. Bxc5 Be4 34. Bf1
Rc8 35. Be3 Rc2+ 36. Rd2 Rxd2+ 37. Bxd2 f5 38. Bxa5 Ra8 39. Bd2 Rxa2 40. Ke3 Kf7
41. Bxd3 Bxd3 42. Kxd3 fxg4 43. hxg4 Ke6 44. Ke3 g6 45. Kd3 Ra3 46. f5+ Kf6 47.
Bc3+ Kg5 48. fxg6 Kxg6 49. Kc4 Ra8 50. b4 Kg5 51. Bd2+ Kg6 52. b5 Rc8+ 53. Kb4
Rc2 54. Bc3 Rg2 55. b6 Rxg4+ 56. Kb5 Re4 57. b7 Re8 58. Kc6 h5 59. Be5 h4 60.
Kd7 Rf8 61. Bc7 h3 62. Bd8 Rf7+ 63. Be7 h2 64. b8=Q h1=Q 65. Qg3+ Kh7 66. Qd3+
Kg7 67. Qg3+ Kh7 68. Qd3+ Kg8 69. Qg6+ Rg7 70. Qe6+ Kh7 71. Qf5+ Kh8 72. Qf8+
Rg8 73. Bf6+ Kh7 74. Qf7+ Kh6 75. Qxg8 Qb7+ 76. Ke8 Qc6+ 77. Kf8 Qxf6+ 78. Qf7
Qd8+ 79. Qe8 1/2-1/2

[Event "World Blitz 2015"]
[Site "Berlin GER"]
[Date "2015.10.13"]
[Round "5.89"]
[White "Pavlovic, Milos"]
[Black "Schmaltz, Roland"]
[Result "1-0"]
[WhiteTitle "GM"]
[BlackTitle "GM"]
[WhiteElo "2481"]
[BlackElo "2504"]
[WhiteFideId "900389"]
[BlackFideId "4614054"]
[EventDate "2015.10.13"]

1. d4 Nf6 2. c3 g6 3. Bg5 Bg7 4. Nd2 O-O 5. e4 d6 6. Ngf3 Nbd7 7. Bc4 e5 8. dxe5
dxe5 9. O-O a6 10. a4 b6 11. Bd5 Rb8 12. Nc4 Qe8 13. Bc6 Qe6 14. Bxf6 Nxf6 15.
Ncxe5 Nh5 16. Bd5 Qf6 17. Nc6 Rb7 18. e5 Qf4 19. Ne7+ Kh8 20. Nxc8 c6 21. Nd6
Rc7 22. g3 Qg4 23. Bc4 b5 24. axb5 axb5 25. Be2 Nf4 26. Kh1 Nxe2 27. Qxe2 Re7
28. Qe4 Qd7 29. Rfd1 f5 30. Qf4 Qc7 31. Kg2 h6 32. h4 Kh7 33. b4 Re6 34. Ra2 Qe7
35. Rda1 Rxe5 36. Ra7 1-0

[Event "World Blitz 2015"]
[Site "Berlin GER"]
[Date "2015.10.13"]
[Round "5.90"]
[White "Berend, Elvira"]
[Black "Hovhannisyan, Mher"]
[Result "1-0"]
[WhiteTitle "WGM"]
[BlackTitle "IM"]
[WhiteElo "2370"]
[BlackElo "2499"]
[WhiteFideId "4000510"]
[BlackFideId "13300865"]
[EventDate "2015.10.13"]

1. d4 d5 2. c4 c6 3. e3 Nf6 4. Nf3 a6 5. Nc3 b5 6. cxd5 cxd5 7. Bd3 e6 8. O-O
Bb7 9. Ne5 Nbd7 10. f4 Be7 11. a3 Ne4 12. Qf3 Nxc3 13. bxc3 O-O 14. a4 bxa4 15.
Rxa4 Nf6 16. Qe2 Qc7 17. Ba3 Bxa3 18. Rxa3 a5 19. Rfa1 g6 20. c4 dxc4 21. Nxc4
Ne4 22. Nxa5 Bd5 23. Qc2 Qe7 24. Bxe4 1-0

[Event "World Blitz 2015"]
[Site "Berlin GER"]
[Date "2015.10.13"]
[Round "5.91"]
[White "Kulon, Klaudia"]
[Black "Van Wely, Loek"]
[Result "0-1"]
[WhiteTitle "WGM"]
[BlackTitle "GM"]
[WhiteElo "2324"]
[BlackElo "2632"]
[WhiteFideId "1131044"]
[BlackFideId "1000268"]
[EventDate "2015.10.13"]

1. e4 c5 2. Nf3 e6 3. d4 cxd4 4. Nxd4 a6 5. Bd3 Bc5 6. Nb3 Be7 7. Qe2 Nc6 8. Be3
d6 9. N1d2 Nf6 10. f4 O-O 11. O-O-O a5 12. a4 Nb4 13. Bb5 Bd7 14. c3 Na6 15. Kb1
Nc7 16. Bxd7 Qxd7 17. g4 Qxa4 18. Nd4 d5 19. e5 Ne4 20. Nxe4 dxe4 21. f5 Nd5 22.
fxe6 fxe6 23. Nxe6 Nxc3+ 24. bxc3 Qb3+ 25. Ka1 Qxe6 26. Bd4 Rac8 27. Qxe4 Rc4
28. Rd2 b5 29. Ra2 b4 30. cxb4 Rd8 31. Rd1 Bxb4 32. Kb1 Bc3 33. Rad2 Rb4+ 34.
Kc1 Bxd2+ 35. Rxd2 Qc4+ 36. Kd1 Qxd4 0-1

[Event "World Blitz 2015"]
[Site "Berlin GER"]
[Date "2015.10.13"]
[Round "5.92"]
[White "Carstensen, Jacob"]
[Black "Koehler, Gerhard2"]
[Result "0-1"]
[WhiteTitle "IM"]
[WhiteElo "2352"]
[BlackElo "2173"]
[WhiteFideId "1404180"]
[BlackFideId "12909700"]
[EventDate "2015.10.13"]

1. d4 Nf6 2. c4 g6 3. Nc3 Bg7 4. e4 d6 5. Nf3 O-O 6. Be2 e5 7. Be3 Nc6 8. d5 Ne7
9. Nd2 Nd7 10. b4 f5 11. f3 Kh8 12. c5 Ng8 13. Nc4 Ndf6 14. cxd6 cxd6 15. Rc1
Rf7 16. O-O Bh6 17. Bxh6 Nxh6 18. Qd2 Nhg8 19. Nb5 Ne8 20. f4 a6 21. Nc3 b5 22.
Na5 exf4 23. Rxf4 Bd7 24. exf5 Rxf5 25. Rcf1 Qb6+ 26. Kh1 Nef6 27. Rxf5 Bxf5 28.
Bd3 Qd4 29. Rf3 Re8 30. Nb3 Qh4 31. Bxf5 Re1+ 0-1

[Event "World Blitz 2015"]
[Site "Berlin GER"]
[Date "2015.10.13"]
[Round "5.93"]
[White "Thornton, Giovanni Antonio"]
[Black "Ben Artzi, Ido"]
[Result "0-1"]
[BlackTitle "IM"]
[WhiteElo "2207"]
[BlackElo "2419"]
[WhiteFideId "4300963"]
[BlackFideId "2810913"]
[EventDate "2015.10.13"]

1. c4 g6 2. Nc3 c5 3. g3 Bg7 4. Bg2 Nc6 5. Nf3 d6 6. O-O Nh6 7. d3 Nf5 8. Bd2
O-O 9. Rb1 e6 10. a3 Qd7 11. b4 Rb8 12. Ne4 b6 13. Bg5 f6 14. Bd2 Bb7 15. h3
Nfe7 16. Qc1 f5 17. Nc3 Rbc8 18. Bh6 Nd8 19. Bxg7 Kxg7 20. Qb2 Kg8 21. b5 Nf7
22. a4 d5 23. a5 d4 24. Na4 Qc7 25. axb6 axb6 26. Ra1 g5 27. Qd2 h6 28. Ne1 Bxg2
29. Nxg2 e5 30. Ra2 Ra8 31. Rfa1 e4 32. dxe4 fxe4 33. e3 Ne5 34. Qd1 Nf3+ 35.
Kh1 d3 36. Nc3 Rxa2 37. Rxa2 Qd7 38. g4 Qc7 39. Nf4 gxf4 40. Nxe4 fxe3 41. Ng3
e2 42. Rxe2 dxe2 43. Qxe2 Ng6 44. Qe6+ Qf7 45. Qxb6 Re8 46. Nf5 Re1+ 47. Kg2
Ngh4+ 48. Kg3 Nxf5+ 49. gxf5 Rg1+ 50. Kf4 Nd4 51. Qb8+ Kh7 52. f3 Qxf5+ 53. Ke3
Qxf3+ 54. Kd2 Rg2+ 55. Ke1 Qe2# 0-1

[Event "World Blitz 2015"]
[Site "Berlin GER"]
[Date "2015.10.13"]
[Round "5.94"]
[White "Camacho Collados, Jose"]
[Black "Zepeda, Lorena"]
[Result "1-0"]
[WhiteTitle "IM"]
[BlackTitle "WIM"]
[WhiteElo "2383"]
[BlackElo "2106"]
[WhiteFideId "2265427"]
[BlackFideId "6700233"]
[EventDate "2015.10.13"]

1. Nf3 Nf6 2. g3 g6 3. Bg2 Bg7 4. d4 O-O 5. O-O d6 6. a4 Nbd7 7. a5 a6 8. d5 Rb8
9. Nd4 Re8 10. c4 Nf8 11. Nc3 e5 12. dxe6 Nxe6 13. Nb3 Bd7 14. e4 Bc6 15. Re1 h6
16. h3 Ng5 17. Qc2 Qd7 18. Kh2 Qe6 19. Nd5 Nxd5 20. cxd5 Bxd5 21. exd5 Qxe1 22.
Bxg5 Qe5 23. Be3 Qxb2 24. Qxb2 Bxb2 25. Rb1 Bc3 26. Rc1 Bb4 27. Bxh6 Re2 28. Rc4
Be1 29. Bg5 Bxf2 30. Bf6 Re3 31. Nd2 Bxg3+ 32. Kg1 Be5 33. Bg5 Ra3 34. Rxc7 Rxa5
35. Nc4 Ra1+ 36. Kf2 Bd4+ 37. Kf3 Bc5 38. Bf4 b5 39. Nxd6 Ra3+ 40. Kg4 Rd8 41.
Rxc5 b4 42. Nc4 b3 43. Nxa3 Re8 44. d6 Rd8 45. Rd5 1-0

[Event "World Blitz 2015"]
[Site "Berlin GER"]
[Date "2015.10.13"]
[Round "6.5"]
[White "Fedoseev, Vladimir3"]
[Black "Tomashevsky, Evgeny"]
[Result "1/2-1/2"]
[WhiteTitle "GM"]
[BlackTitle "GM"]
[WhiteElo "2659"]
[BlackElo "2758"]
[WhiteFideId "24130737"]
[BlackFideId "4147235"]
[EventDate "2015.10.13"]

1. e4 c6 2. d3 d5 3. Nd2 e5 4. Ngf3 Bd6 5. g3 Nf6 6. Bg2 O-O 7. O-O Bg4 8. h3
Bh5 9. Qe1 Re8 10. Nh4 Nbd7 11. Nb3 Nf8 12. Nf5 Bc7 13. Nc5 b6 14. Na6 Ne6 15.
Nxc7 Qxc7 16. f3 Rad8 17. h4 Nd7 18. Qf2 Bg6 19. Ne3 f6 20. exd5 cxd5 21. Nxd5
Qd6 22. f4 Bf7 23. f5 Nd4 24. Nc3 Qc7 25. Be3 Nc5 26. Rae1 h5 27. Bxd4 exd4 28.
Rxe8+ Bxe8 29. Nd5 Qd6 30. Nf4 Bf7 31. Re1 Rc8 32. Bf3 Nd7 33. Re4 Ne5 34. Bd1
Qb4 35. b3 Qa3 36. Qxd4 Qxa2 37. Qf2 Qa1 38. Re1 Qc3 39. Kg2 Ng4 40. Bxg4 hxg4
41. Re2 Qc6+ 42. Kh2 a5 43. Ne6 b5 44. Qf4 Bh5 45. Nd4 Qd7 46. Qe4 a4 47. bxa4
bxa4 48. Qe6+ Qxe6 49. fxe6 a3 50. c4 Bg6 51. Ra2 Bxd3 52. Rxa3 Bxc4 53. Rc3
Bxe6 54. Rxc8+ Bxc8 55. Kg2 Kf8 56. Kf2 Bd7 1/2-1/2

[Event "World Blitz 2015"]
[Site "Berlin GER"]
[Date "2015.10.13"]
[Round "6.6"]
[White "Karjakin, Sergey"]
[Black "Nguyen, Ngoc Truong Son"]
[Result "1-0"]
[WhiteTitle "GM"]
[BlackTitle "GM"]
[WhiteElo "2762"]
[BlackElo "2634"]
[WhiteFideId "14109603"]
[BlackFideId "12401110"]
[EventDate "2015.10.13"]

1. e4 e5 2. Nf3 Nc6 3. Bb5 a6 4. Ba4 Nf6 5. O-O Be7 6. Re1 b5 7. Bb3 O-O 8. c3
d5 9. exd5 Nxd5 10. Nxe5 Nxe5 11. Rxe5 c6 12. d3 Bd6 13. Re1 Bf5 14. Qf3 Qf6 15.
Nd2 Qg6 16. Bd1 Bxd3 17. Ne4 Bxe4 18. Qxe4 Qxe4 19. Rxe4 Rfe8 20. Rxe8+ Rxe8 21.
Kf1 Be5 22. Bf3 Rd8 23. g3 f5 24. Bg5 Rd7 25. Re1 Bf6 26. Bxf6 Nxf6 27. Bxc6 Rd6
28. Bb7 Kf7 29. h3 g6 30. Ke2 Rb6 31. Bf3 Ke7 32. Rd1 Nd7 33. Bd5 Nf6 34. Bb3
Ne4 35. Rd4 Rb8 36. h4 Nf6 37. Bd1 Nd7 38. Kd2 Ne5 39. Be2 Nc6 40. Rd3 Ne5 41.
Re3 Kd6 42. b3 Rf8 43. f4 Nd7 44. Bf3 Nc5 45. Re5 Rc8 46. h5 Nd7 47. Rd5+ Ke6
48. h6 Rc7 49. Rd4 Nf6 50. a4 Rd7 51. Kd3 bxa4 52. bxa4 a5 53. Rxd7 Kxd7 54. Kc4
Kd6 55. Kb5 Ng8 56. c4 Nxh6 57. c5+ Kc7 58. Kxa5 Nf7 59. Kb5 Nd8 60. Bd5 h6 61.
a5 1-0

[Event "World Blitz 2015"]
[Site "Berlin GER"]
[Date "2015.10.13"]
[Round "6.7"]
[White "Gelfand, Boris"]
[Black "Vallejo Pons, Francisco"]
[Result "1/2-1/2"]
[WhiteTitle "GM"]
[BlackTitle "GM"]
[WhiteElo "2741"]
[BlackElo "2684"]
[WhiteFideId "2805677"]
[BlackFideId "2205530"]
[EventDate "2015.10.13"]

1. Nf3 f5 2. d3 Nc6 3. d4 e6 4. c4 Nf6 5. g3 Bb4+ 6. Bd2 Bxd2+ 7. Qxd2 Ne4 8.
Qd3 Qe7 9. a3 b6 10. Nc3 Ba6 11. Nxe4 fxe4 12. Qxe4 Bxc4 13. Qc2 Ba6 14. Bg2 O-O
15. Rd1 Rac8 16. O-O Qf6 17. Rd2 h6 18. Qa4 Bb7 19. Ne5 Rcd8 20. e3 Kh8 21. Nxc6
dxc6 22. Bxc6 Bc8 23. f4 Qe7 24. Qb4 Rd6 25. Qc3 a5 26. Rc1 g5 27. Bg2 Rf7 28.
d5+ Rg7 29. dxe6 Rxe6 30. Rd3 Ba6 31. Rd2 Rxe3 1/2-1/2

[Event "World Blitz 2015"]
[Site "Berlin GER"]
[Date "2015.10.13"]
[Round "6.8"]
[White "Perunovic, Milos"]
[Black "Dreev, Aleksey"]
[Result "1-0"]
[WhiteTitle "GM"]
[BlackTitle "GM"]
[WhiteElo "2622"]
[BlackElo "2644"]
[WhiteFideId "921629"]
[BlackFideId "4100107"]
[EventDate "2015.10.13"]

1. e4 c6 2. d4 d5 3. e5 Bf5 4. h4 h6 5. g4 Bd7 6. h5 c5 7. c3 Nc6 8. Na3 Qb6 9.
dxc5 Qxc5 10. Be3 Qa5 11. f4 e6 12. Nc2 f6 13. Nf3 fxe5 14. fxe5 O-O-O 15. Ncd4
Nxd4 16. Qxd4 Kb8 17. a4 Rc8 18. b4 Qb6 19. Qxb6 axb6 20. Kd2 Kc7 21. Bd3 Be7
22. Rhf1 Bd8 23. Nd4 Ne7 24. Rf7 Rg8 25. Bh7 Rh8 26. Rxg7 Kb8 27. b5 Re8 28.
Bxh6 Bc7 29. Re1 Ka7 30. Bg5 Bd8 31. Bf6 Rc4 32. Bc2 Bc8 33. h6 Rc7 34. h7 Rf8
35. Rh1 1-0

[Event "World Blitz 2015"]
[Site "Berlin GER"]
[Date "2015.10.13"]
[Round "6.9"]
[White "Socko, Bartosz"]
[Black "Salem, A.R. Saleh"]
[Result "1-0"]
[WhiteTitle "GM"]
[BlackTitle "GM"]
[WhiteElo "2599"]
[BlackElo "2624"]
[WhiteFideId "1107038"]
[BlackFideId "9301348"]
[EventDate "2015.10.13"]

1. e4 c5 2. Nf3 d6 3. d4 cxd4 4. Nxd4 Nf6 5. Nc3 a6 6. Be3 Ng4 7. Bg5 h6 8. Bh4
g5 9. Bg3 Bg7 10. Be2 h5 11. Bxg4 hxg4 12. O-O Nc6 13. Nf5 Bxf5 14. exf5 Bxc3
15. bxc3 Qa5 16. Qxg4 Qxc3 17. Qxg5 O-O-O 18. Rab1 Rd7 19. Qe3 Qa5 20. Rb6 Qxf5
21. Rfb1 Qd5 22. c4 Qxc4 23. Rc1 Qa4 24. h3 f6 25. Qe6 Rd8 26. Rc4 Qa5 27. Rb1
Qc7 28. h4 Kb8 29. h5 Rh8 30. Qd5 Ka8 31. Rbc1 e5 32. f3 Qa5 33. Qxa5 Nxa5 34.
Rc8+ Rxc8 35. Rxc8+ Ka7 36. Bf2+ b6 37. h6 Rh7 38. Be3 Kb7 39. Rg8 Kc6 40. Rg7
Rh8 41. h7 Nc4 42. Bf2 Kd5 43. Re7 b5 44. Bh4 f5 45. Bf6 Rxh7 46. Rxh7 a5 47.
Rb7 b4 48. Kf2 f4 49. Ke2 Kc6 50. Rb8 d5 51. Re8 Kd6 52. Kd3 a4 53. Rb8 Ke6 54.
Bg7 a3 55. Rxb4 Ne3 56. g4 1-0

[Event "World Blitz 2015"]
[Site "Berlin GER"]
[Date "2015.10.13"]
[Round "6.13"]
[White "Mamedov, Rauf"]
[Black "Riazantsev, Alexander"]
[Result "1-0"]
[WhiteTitle "GM"]
[BlackTitle "GM"]
[WhiteElo "2657"]
[BlackElo "2646"]
[WhiteFideId "13401653"]
[BlackFideId "4125029"]
[EventDate "2015.10.13"]

1. c4 e6 2. g3 d5 3. Bg2 Nf6 4. Nf3 dxc4 5. Qa4+ Qd7 6. Qxc4 c5 7. Ne5 Qd6 8.
Qb5+ Nbd7 9. Nc4 Qc7 10. d3 a6 11. Qb3 Rb8 12. Qc3 Bd6 13. Nxd6+ Qxd6 14. Nd2 b5
15. Ne4 Nxe4 16. Qxg7 Qd4 17. Qxd4 cxd4 18. Bxe4 f5 19. Bf3 Bb7 20. Bf4 e5 21.
Bxb7 Rxb7 22. Rc1 Kf7 23. Bd2 Re8 24. O-O Nf6 25. Rc5 Rd7 26. Rfc1 Re6 27. Rc8
e4 28. Bg5 Nd5 29. h4 exd3 30. exd3 f4 31. gxf4 h6 32. f5 Re5 33. Bxh6 Rxf5 34.
Rf8+ Kg6 35. Rc6+ Rf6 36. Rfxf6+ 1-0

[Event "World Blitz 2015"]
[Site "Berlin GER"]
[Date "2015.10.13"]
[Round "6.15"]
[White "Onischuk, Vladimir"]
[Black "Zhang, Zhong"]
[Result "1-0"]
[WhiteTitle "GM"]
[BlackTitle "GM"]
[WhiteElo "2612"]
[BlackElo "2619"]
[WhiteFideId "14114038"]
[BlackFideId "8600694"]
[EventDate "2015.10.13"]

1. e4 c5 2. Nf3 e6 3. b3 b6 4. Bb2 Bb7 5. Nc3 d6 6. g3 Nf6 7. Bg2 Be7 8. O-O O-O
9. e5 dxe5 10. Nxe5 Qc8 11. f4 Nbd7 12. Qe2 a6 13. a4 Re8 14. Rae1 Bf8 15. d3
Ra7 16. g4 Nd5 17. Ne4 f6 18. Nxd7 Qxd7 19. g5 f5 20. Nd2 b5 21. Qf2 Ba8 22. h4
Bd6 23. Be5 Bf8 24. h5 bxa4 25. bxa4 Qxa4 26. Nc4 Nb4 27. Bxa8 Raxa8 28. Re2 Qc6
29. h6 g6 30. Ba1 Nd5 31. Ne5 Qc7 32. Qf3 Rad8 33. Rh2 Ne7 34. Qf2 Rd5 35. c4
Rdd8 36. Qb2 Rb8 37. Qc3 Qd6 38. Nd7 Qd4+ 39. Qxd4 cxd4 40. Nxb8 Rxb8 41. Bxd4
Nc6 42. Bc3 Rb3 43. Rc2 a5 44. Ra1 Bc5+ 45. Kf1 Be3 46. Bd2 Bd4 47. Raa2 Rxd3
48. Bxa5 Rf3+ 49. Ke2 Rxf4 50. Bd2 Re4+ 51. Kd1 f4 52. Ra8+ Kf7 53. Rc8 f3 54.
Rc7+ Ke8 55. Be1 Ne7 56. Ra2 Be5 57. Ra8+ Kf7 58. Rd7 Rd4+ 59. Rxd4 Bxd4 60. Bb4
Nc6 61. Bd2 e5 62. Rh8 e4 63. Rxh7+ Ke6 64. Rc7 Nd8 65. h7 Nf7 66. Be3 Bxe3 67.
Rxf7 Bd4 68. Rf6+ Bxf6 69. gxf6 1-0

[Event "World Blitz 2015"]
[Site "Berlin GER"]
[Date "2015.10.13"]
[Round "6.16"]
[White "Meier, Georg"]
[Black "Volokitin, Andrei"]
[Result "0-1"]
[WhiteTitle "GM"]
[BlackTitle "GM"]
[WhiteElo "2654"]
[BlackElo "2639"]
[WhiteFideId "4675789"]
[BlackFideId "14107090"]
[EventDate "2015.10.13"]

1. Nf3 c5 2. c4 Nf6 3. Nc3 d5 4. cxd5 Nxd5 5. g3 Nc6 6. Bg2 Nc7 7. d3 e5 8. Nd2
Be7 9. Nc4 f6 10. O-O O-O 11. a4 Be6 12. a5 Qd7 13. Qa4 Nd5 14. a6 b6 15. Nb5
Rac8 16. Bd2 Rfd8 17. Rfd1 Nd4 18. Nxd4 cxd4 19. Qxd7 Rxd7 20. Na3 Bxa3 21. Rxa3
Rc2 22. b4 Nc3 23. Bxc3 dxc3 24. Kf1 Rc7 25. Ke1 Bg4 26. Bd5+ Kf8 27. f3 Bh3 28.
Bb3 Rb2 29. Rc1 b5 30. Bd5 c2 31. Kd2 Ke7 32. Rc3 Rxc3 33. Kxc3 Rb1 34. Rxc2 h5
35. Bc6 Bd7 36. Bb7 Kd6 37. Rd2 Rc1+ 38. Kb2 Rh1 39. d4 exd4 40. Rxd4+ Kc7 41.
h4 Rg1 42. g4 hxg4 43. fxg4 Rxg4 44. Kc3 Rxd4 45. Kxd4 Kd6 46. Bf3 Bc8 47. Bb7
Bxb7 48. axb7 Kc7 49. h5 Kxb7 50. Kd5 a5 51. bxa5 Ka6 52. Ke6 b4 53. Kf7 b3 54.
Kxg7 b2 55. h6 b1=Q 56. h7 Qb7+ 57. Kg8 Qc8+ 58. Kg7 Qd7+ 59. Kg8 Qg4+ 60. Kf7
Qc4+ 61. Kg7 Qc7+ 62. Kg8 Qd8+ 63. Kg7 Qe7+ 64. Kg8 Qxe2 65. h8=Q Qe8+ 0-1

[Event "World Blitz 2015"]
[Site "Berlin GER"]
[Date "2015.10.13"]
[Round "6.19"]
[White "Ghaem Maghami, Ehsan"]
[Black "Schneider, Ilja"]
[Result "1-0"]
[WhiteTitle "GM"]
[BlackTitle "IM"]
[WhiteElo "2596"]
[BlackElo "2481"]
[WhiteFideId "12500739"]
[BlackFideId "4663306"]
[EventDate "2015.10.13"]

1. Nf3 d5 2. e3 Nf6 3. c4 c6 4. Nc3 a6 5. b3 Bg4 6. Bb2 e6 7. h3 Bh5 8. g4 Bg6
9. Ne5 Nbd7 10. Nxg6 hxg6 11. Be2 Bd6 12. Qc2 Qe7 13. O-O-O Ba3 14. g5 Nh5 15.
h4 b5 16. cxd5 cxd5 17. Kb1 Rc8 18. Bxa3 Qxa3 19. Nxb5 Rxc2 20. Nxa3 Rc8 21. Rc1
Ke7 22. Nc2 a5 23. Nd4 f6 24. Nc6+ Kd6 25. Nxa5 e5 26. b4 e4 27. gxf6 gxf6 28.
Rxc8 Rxc8 29. Rg1 Ne5 30. a3 f5 31. Nb7+ Ke6 32. Nc5+ Kd6 33. Kb2 f4 34. Bxh5
gxh5 35. exf4 Nc4+ 36. Kc3 Nxa3 37. Rg6+ Ke7 38. Kd4 Nc2+ 39. Ke5 Kf7 40. Rf6+
Kg8 41. Rb6 Na3 42. Kxd5 Rd8+ 43. Rd6 Rb8 44. Nxe4 Rxb4 45. Rd8+ Kf7 46. Rd7+
Kf8 47. d3 Nc2 48. Ke5 Ne1 49. Kf6 Ke8 50. Rd6 Ng2 51. f5 Nxh4 52. Ke6 Kf8 53.
f6 Rb8 54. Rd7 Nf3 55. Rf7+ Kg8 56. Rg7+ Kh8 57. Nd6 Nd4+ 58. Kd5 Rd8 59. Rg5
Nb5 60. Rxh5+ Kg8 61. f7+ Kg7 62. Rg5+ Kf6 63. Rf5+ Ke7 64. f8=Q+ Rxf8 65. Rxf8
Nxd6 66. Rf4 Nc8 67. Rb4 Kf6 68. Rb7 Kg6 69. d4 Kf6 70. Kc5 Ke6 71. d5+ Ke5 72.
d6 Ke6 73. d7 Nd6 74. d8=N+ 1-0